000 00401nam a22001697a 4500
005 20160701145624.0
008 160701b xxu||||| |||| 00| 0 eng d
020 _a978-93-80027-72-2
041 _aeng
082 _b18568
100 _aUpadhyay, A K
_93267
245 _aFluid Mechanics
260 _bS.K. Kataria & Sons
_c2012
300 _a401
650 _aDiploma Engineering
_9817
942 _cBK
999 _c5103
_d5101